Personnages de The Office - Statistiques

Statistiques générales
  • Ce quiz a été pris 28 fois
  • Le résultat moyen est 16 sur 32
Statistiques - réponses
Personnage Fonction Apparition % Correct
Jim Halpert Commercial Saison 1
100%
Pam Beesley Réceptionniste CommercialeAdministratrice bureau Saison 1
100%
Dwight Schrute Commercial Assistant du Manager régional Saison 1
95%
Michael Scott Manager Régional Saison 1
95%
Kevin Malone Comptable Saison 1
82%
Angela Martin Comptable Saison 1
73%
Kelly Kapoor Service client Saison 1
73%
Ryan Howard Intérimaire Commercial Vice-président des ventes région nord-est PDG de WUPHF.com Saison 1
73%
Darryl Philbin Entrepôt Manager de l'entrepôt Saison 1
68%
Stanley Hudson Commercial Saison 1
68%
Creed Bratton Assurance qualité Saison 1
64%
Meredith Palmer Relation fournisseurs Saison 1
64%
Oscar Martinez Comptable Saison 1
64%
Toby Flenderson Ressources Humaines Saison 1
64%
Phyllis Lapin Commerciale Saison 1
59%
Andy Bernard Commercial Saison 3
55%
Jan Levinson Vice-présidente des ventes région nord-est Saison 1
50%
Holly Flax Ressources Humaines Saison 4
45%
Roy Anderson Entrepôt Saison 1
41%
David Wallace PDG de Dunder Mifflin Saison 1
36%
Todd Packer Commercial itinérant Saison 1
36%
Erin Hannon Réceptionniste Saison 5
32%
Robert California PDG de Sabre Saison 7
32%
Karen Filippelli Commerciale Saison 3
27%
Gabe Lewis Coordinateur des régions émergentes Saison 6
23%
Jo Bennett PDG de Dunder-Mifflin-Sabre Saison 6
23%
Clark Green Service client Commercial (junior) Saison 9
18%
Cathy Simms Administratice bureau remplaçante Saison 8
14%
Nellie Bertram Présidente des projets spéciaux de Sabre Saison 7
14%
Pete Miller Service client Saison 9
14%
Val Johnson Entrepôt Saison 8
9%
Charles Miner Vice-président des ventes région nord-est Saison 5
5%
Aucun quiz correspondant
Distribution des résultats
% des personnes avec chaque résultat
Percentile par nombre de réponses
Votre historique - résultats
Vous n’avez pas pris ce quiz